00690nam a2200181 i 450000100060000000300090000600500170001500700030003200800410003510000330007624501350010926000400024430000260028470000270031085200320033799900170036995201220038689478ES-MaACL20230906180202.0t|050111s1965 sp ||||1| spa d1 aLanternari, Vittorio.97010110aMovimientos religiosos de libertad y salvación en los pueblos oprimidos / cVittorio Lanternari ; traducción de Andrés Lupo. aBarcelona : bSeix Barral, c[1965] aXI, 405 p. ; c20 cm.1 aLupo, Andrés.974803 aES-MaACLjC-28826 bR.58045 c89478d89478 00104070aATENEOMbATENEOMcDEPO2d2008-01-17eSCl0oC-28826p1093448r2023-02-23 00:00:00w2023-02-23yMONOGRAFIA